000 01245nam a2200313 a 4500
008 110815s1998 sp a f |||| 001 0 spa d
020 _a8407001783
041 _aspa
092 _c617.028
_l49
_sLOR
100 1 _aLorente, J. A.
_qLorente, José Angel
_91870
245 _aCuidados intensivos del paciente quemado /
_cJ. A. Lorente
250 _a1a ed.
260 _aBarcelona:
_bSpringer ; Verlag Ibérica;
_c1998.
300 _a555 p.
_b100 figuras y 80 tablas
500 _aLorente, J. A. y Esteban, A. (1998). Cuidados intensivos del paciente quemado. (1a ed.). Barcelona : Springer ; Verlag Ibérica.
653 _aCuidados inmediatos y resucitacón precoz del paciente quemado
653 _aShock del quemado
653 _aHistología de la piel. Cambios en el quemado
653 _aPredicción del pronóstico del paciente quemado
653 _aNecrólisis epidérmica tóxica (síndrome de Lyell)
653 _aAfectación de la vía aérea superior por quemaduras e inhalación
653 _aCirugía
653 _aNutrición
653 _aHemodinámica
653 _aAnestesia y analgesia
653 _aRehabilitación y cuidados en enfermería
700 1 _aEsteban, A.
_qEsteban, Andrés
_91871
942 _2ddc
_cBK
999 _c1142
_d1142